| 000 | 00726nam a22002057a 4500 | ||
|---|---|---|---|
| 003 | NUST | ||
| 005 | 20260417164125.0 | ||
| 008 | 260417b ||||| |||| 00| 0 eng d | ||
| 020 | _a0273742752, 9780273742753 | ||
| 082 |
_a546 HOU 2012 _bHOU |
||
| 100 |
_aCatherine E. Housecroft, A. G. Sharpe _d2012 _9134205 |
||
| 245 |
_aInorganic Chemistry _cCatherine E. Housecroft, A. G. Sharpe |
||
| 250 |
_a4th _billustrated, revised |
||
| 260 |
_aBarcelona, Spain _bPearson, 2012 _c2012 |
||
| 300 | _a1213 pb. | ||
| 440 |
_aInorganic Chemistry _9134206 |
||
| 505 | _rCatherine E. House croft, A. G. Sharpe | ||
| 590 | _6Donated By Prof. Muhammad Mazhar SNS Faculty | ||
| 942 |
_2ddc _cBK _e4th _k546 HOU 2012 _m546 HOU 2012 |
||
| 999 |
_c617179 _d617179 |
||